000 00620nam a22001817a 4500
005 20251108164246.0
008 250721s1996 xx 000 0 ara d
082 1 4 _a350.000952/محم
100 1 _aالقريوتي، محمد قاسم
245 1 0 _aالإدارة اليابانية :
_bنموذج ناجح للقدرة على المواءمة بين النظام الإداري ... /
264 1 _aعمان :
_bدارالبشير،
_c1996.
300 _a116ص
650 1 7 _aالإدارة العامة
650 1 7 _aاليابان
650 1 7 _aالبلدان العربية
942 _2ddc
_cBK
999 _c7687
_d7687